| 000 | 00685nam a22002417a 4500 | ||
|---|---|---|---|
| 005 | 20170124110104.0 | ||
| 010 | _aA-292814 | ||
| 020 | _c00.00 | ||
| 035 | _aA-292814 | ||
| 037 | _bCen Lib/Ret | ||
| 040 |
_aDPL _bEN |
||
| 082 |
_a954.7 _bSAF |
||
| 100 |
_aSafdar Mahmood _927699 |
||
| 245 |
_a Pakistan divided / _cby Safdar Mahmood |
||
| 260 |
_aNew Delhi _bAlpha Bravo |
||
| 270 |
_aNew Delhi _bNew Delhi _e110017 |
||
| 300 |
_a227p. _c21cm(Hb) |
||
| 500 | _aIncludes bibliographical reference and index | ||
| 650 |
_aPolitical science _927700 |
||
| 650 |
_aIndia-Pakistan Conflict--(1971) _927701 |
||
| 700 | _927657 | ||
| 942 |
_2ddc _cEN _h954.7 _mSAF |
||
| 999 |
_c129891 _d129891 |
||